000 00591cam a2200217ua 4500
001 61
008 110330n ii |||gr||||Z||||||eng
020 _a978-81-317-1625-0
040 _cMAIN
082 _a005.74
100 1 _aElmasri, Ramez.,
245 _aFundamentals of Database Systems.
_cBb Ramez Elmasri.
250 _a5th.
260 _aNew Delhi.:
_bPearson Education.,
_c2008.
300 _axxxii, 1143 p.:
_bill.;
_c20 cm.
653 _aComputer Science.
653 _aFundamentals of Database Systems.
700 _aElmasri, Ramez.,
700 _aNavathe, Shamkant.,
942 _cBK
999 _c52
_d52